Central Library OPAC University of Rajshahi

বাংলাদেশের আদিবাসী সম্প্রদায়ের রাজনৈতিক সচেতনতা : (Record no. 77984)

MARC details
000 -LEADER
fixed length control field 02484nam a2200313 a 4500
001 - CONTROL NUMBER
control field 77984
003 - CONTROL NUMBER IDENTIFIER
rucl marc code BD-RjUL
005 - DATE AND TIME OF LATEST TRANSACTION
control field 20211209083056.0
008 - FIXED-LENGTH DATA ELEMENTS--GENERAL INFORMATION
fixed length control field 210225s2005 bg ||||| m||| 00| 0 ben d
035 ## - SYSTEM CONTROL NUMBER
System control number (BD-RjUL)78210
040 ## - CATALOGING SOURCE
Original cataloging agency BD-RjUL
Language of cataloging ben /eng
Transcribing agency BD-RjUL
Modifying agency BD-RjUL
041 ## - LANGUAGE CODE
Language code of text/sound track or separate title ben
082 ## - DEWEY DECIMAL CLASSIFICATION NUMBER
Classification number 323.15492
Author mark and year BAB 2005
Edition number 23
100 ## - MAIN ENTRY--PERSONAL NAME
Personal name বদরুজ্জামান, মো.
9 (RLIN) 245279
245 10 - TITLE STATEMENT
Title বাংলাদেশের আদিবাসী সম্প্রদায়ের রাজনৈতিক সচেতনতা :
Remainder of title রাজশাহী জেলার সাঁওতাল সম্প্রদায়ের উপর একটি সমীক্ষা /
Statement of responsibility, etc. মো. বদরুজ্জামান ;
Linkage গবেষণা তত্ত্বাবধায়ক : মোহাম্মদ আবুল কাসেম
260 ## - PUBLICATION, DISTRIBUTION, ETC. (IMPRINT)
Place of publication, distribution, etc. রাজশাহী :
Name of publisher, distributor, etc. রাষ্ট্রবিজ্ঞান বিভাগ, রাজশাহী বিশ্ববিদ্যালয়,
Date of publication, distribution, etc. ২০০৫
300 ## - PHYSICAL DESCRIPTION
Pagination [৯], ১৯২ পাতা ;
Size ২৯ সেমি.
502 ## - DISSERTATION NOTE
Dissertation note থিসিস (পিএইচ. ডি.) -- রাষ্ট্রবিজ্ঞান বিভাগ, রাজশাহী বিশ্ববিদ্যালয়, ২০০৫
504 ## - BIBLIOGRAPHY, ETC. NOTE
Bibliography, etc গ্রন্থপঞ্জি : পাতা ১৭৫-১৮০
600 ## - SUBJECT ADDED ENTRY--PERSONAL NAME
Personal name
Fuller form of name
Chronological subdivision
650 ## - SUBJECT ADDED ENTRY--TOPICAL TERM
Topical term or geographic name as entry element সাঁওতাল (দক্ষিণ এশিয়ার লোক)
Geographic subdivision বাংলাদেশ
-- রাজশাহী জেলা
-- পুঠিয়া থানা
General subdivision সামাজিক জীবন এবং রীতিনীতি
9 (RLIN) 118928
Topical term or geographic name as entry element Santal (South Asian people)
Geographic subdivision Bangladesh
-- Rajshahi District
-- Puthia Thana
General subdivision Social life and customs
9 (RLIN) 245360
Topical term or geographic name as entry element সাঁওতাল (দক্ষিণ এশিয়ার লোক)
General subdivision রাজনৈতিক কর্মকাণ্ড
Geographic subdivision বাংলাদেশ
-- রাজশাহী জেলা
-- পুঠিয়া থানা
9 (RLIN) 118928
Topical term or geographic name as entry element Santal (South Asian people)
General subdivision Political activity
Geographic subdivision Bangladesh.
-- Rajshahi District
-- Puthia Thana
9 (RLIN) 245361
Topical term or geographic name as entry element নৃতাত্ত্বিক
Geographic subdivision বাংলাদেশ
9 (RLIN) 242599
Topical term or geographic name as entry element Ethnology
Geographic subdivision Bangladesh
9 (RLIN) 245362
700 ## - ADDED ENTRY--PERSONAL NAME
Personal name কাসেম, মোহাম্মদ আবুল, গবেষণা তত্ত্বাবধায়ক
942 ## - ADDED ENTRY ELEMENTS (KOHA)
Source of classification or shelving scheme Dewey Decimal Classification
Koha item type Theses
Holdings
Lost status Source of classification or shelving scheme Damaged status Not for loan Collection code Permanent Location Current Location Shelving location Date acquired Source of acquisition Total Checkouts Full call number Date last seen Copy number Koha item type
  Dewey Decimal Classification   Not For Loan Theses Central Library, University of Rajshahi Central Library, University of Rajshahi Documentation Section 21/05/2006 C-1   BTHE 323.15492 BAB 2005 25/02/2021 C-1 Theses